Philosophie de la volonte

Saved in:
Bibliographic Details
Main Author: Ricoeur, Paul
Format: Book
Language:French
Published: s.l. : Aubier, c1988
Series:Philosophie
Subjects:
Tags: Add Tag
No Tags, Be the first to tag this record!

MARC

LEADER 00000nam a2200000 i 4500
001 1/105040
008 000322s1988 fre d
020 |a 2-7007-3103-4 
035 |l 10059083 
040 |a GR-MY-UA  |b gre  |e aacr 
041 0 |a fre 
082 0 |a 128.3 
100 1 |a Ricoeur, Paul. 
245 1 0 |a Philosophie de la volonte /  |c Paul Ricoeur 
260 |a s.l. :   |b Aubier,   |c c1988 
300 |a ... v. 
490 1 |a Philosophie 
500 |a Second volume formely published in 2 seperate volumes under the titles "L'homme faillible" and "La symbolique du mal". 
504 |a Bibliographical footnotes. 
505 0 |a v.2: Finitude et culpabilite 
650 0 0 |a Will. 
650 0 0 |a Philosophical anthropology. 
740 0 2 |a v.2: Finitude et culpabilite 
830 0 |a Philosophie 
852 |a INST  |b RHODES  |e 20000322  |h 128.3 RIC  |p 005400006749  |q 005400006749  |t BK  |y 0 
901 |a BIBL4-2000-1 
909 |a Ρ  |b 049323 
922 |a 4ΕΛΗ  |b 199612  |c 109/ΑΝΑΓΝΩΣΤΟΠΟΥΛΟΥ  |d LEADER BOOKS 
970 |z 2000/03/22